| 000 | 00972cab a2200181 4500 | ||
|---|---|---|---|
| 001 | ##L132907 | ||
| 008 | 060322n2006 000 0 eng u | ||
| 035 | _a(Sirsi) u132907 | ||
| 041 | 0 | _aeng | |
| 100 | 1 | _aMunzinger, Monika | |
| 245 | 0 | 0 | _aTrial by light |
| 260 | _c2006 | ||
| 490 | 0 |
_aRICS Building Surveying Faculty The Journal _vMarch / April 2006, 13(1) |
|
| 520 | _aLooks at the preliminary results of the UK Photovoltaic Domestic Field Trial, which examined the buildability, operating performance, reliability and maintenance of domestic PV constructions. The results show that good communication and coordination between PV installers and other trades are vital, and that handover documentation must cover all key areas, particularly safety. A number of compliance issues are highlighted by the report, which also reveals that costs vary considerably between sites. | ||
| 590 | _aIKA280306 | ||
| 690 | _aBUILT ENVIRONMENT-CONSTRUCTION DESIGN | ||
| 942 | _n0 | ||
| 999 |
_c76684 _d76684 |
||